000 00702nam a2200205Ii 4500
003 JO-AjNU
008 230605s9999||||xx |||||||||||||| ||und||
040 _aJO-AjNU
_bara
_erda
_cJO-AjNU
041 _aara
050 1 4 _aPJ75358 2004
100 3 _aشكير، عبد المجيد,
_eauthor
_917589
245 0 0 _aالجماليات: بحث في المفهوم ومقاربة للتمظهرات والتغيرات
250 _aط1
264 3 1 _aدمشق: دار الطليعة الجديدة، 2004
300 _a76ص
336 _atext
_btxt
_2rdacontent
337 _aunmediated
_bn
_2rdamedia
338 _avolume
_bnc
_2rdacarrier
650 4 _aجماليات - تصورات - تمظهرات
_917590
999 _aA5463
_c9031
_d9031